Русский язык (Запись № 4522810)

Подробности
000 -МАРКЕР
контрольное поле 01357nam0a2200313 i 4500
001 - ИДЕНТИФИКАТОР ЗАПИСИ
контрольное поле RU\NLR\bibl\2037627
005 - ИДЕНТИФИКАТОР ВЕРСИИ
контрольное поле 20260406070426.0
010 ## - МЕЖДУНАРОДНЫЙ СТАНДАРТНЫЙ НОМЕР КНИГИ (ISBN)
Номер (ISBN) 9785360043249
Тираж 1000
021 ## - НОМЕР ГОСУДАРСТВЕННОЙ РЕГИСТРАЦИИ
Код страны Российская Федерация
Номер 2013-34898
Номер Листа государственной регистраци 2390
035 ## - ДРУГИЕ СИСТЕМНЫЕ НОМЕРА
Идентификатор записи (NLR Aleph) 002024994
100 ## - ДАННЫЕ ОБЩЕЙ ОБРАБОТКИ
Данные общей обработки 20130529d2013 u y0rusy50 ca
101 0# - ЯЗЫК РЕСУРСА
Язык текста, звукозаписи и т.д. русский
102 ## - СТРАНА ПУБЛИКАЦИИ ИЛИ ПРОИЗВОДСТВА
Страна публикации Российская Федерация
105 ## - ПОЛЕ КОДИРОВАННЫХ ДАННЫХ: ТЕКСТОВЫЕ МАТЕРИАЛЫ, МОНОГРАФИЧЕСКИЕ
Кодированные данные о монографическом текстовом документе y |||||||||
200 1# - ЗАГЛАВИЕ И СВЕДЕНИЯ ОБ ОТВЕТСТВЕННОСТИ
Основное заглавие Русский язык
Сведения, относящиеся к заглавию 4 класс
-- комментарии к урокам
Первые сведения об ответственности С.В. Иванов, М.И. Кузнецова
210 ## - ПУБЛИКАЦИЯ, РАСПРОСТРАНЕНИЕ И ДР.
Место издания, распространения и т.д. Москва
Имя издателя, распространителя и т. д. Вентана-Граф
Дата издания, распространения и т.д. 2013
215 ## - ФИЗИЧЕСКАЯ ХАРАКТЕРИСТИКА
Специфическое обозначение материала и объем 377, [2] с.
Размеры 20
225 1# - СЕРИЯ
Основное заглавие серии Начальная школа XXI века
606 1# - НАИМЕНОВАНИЕ ТЕМЫ КАК ПРЕДМЕТ
Наименование темы Русский язык
Формальный подзаголовок Руководства, пособия и т.п.
Тематический подзаголовок Уроки
-- Методика
-- Средняя школа
Системный номер авторитетной/нормативной записи 2324221
Идентификатор авторитетной/нормативной записи RU\NLR\auth\661390304
686 ## - ИНДЕКСЫ ДРУГИХ КЛАССИФИКАЦИЙ
Индекс Ч426.131(2)-260я7
700 #1 - ИМЯ ЛИЦА - ПЕРВИЧНАЯ ОТВЕТСТВЕННОСТЬ
Код отношения Автор
Графика поля Кириллица
Материалы, к которым относится поле rus
Начальный элемент ввода Иванов
Часть имени, кроме начального элемента ввода С. В.
Дополнения к именам, кроме дат канд. филол. наук
Расширение инициалов личного имени Станислав Викторович
Системный номер авторитетной/нормативной записи 9957
Идентификатор авторитетной/нормативной записи RU\NLR\auth\7726919
701 #1 - ИМЯ ЛИЦА - АЛЬТЕРНАТИВНАЯ ОТВЕТСТВЕННОСТЬ
Код отношения Автор
Графика поля Кириллица
Материалы, к которым относится поле rus
Начальный элемент ввода Кузнецова
Часть имени, кроме начального элемента ввода М. И.
Дополнения к именам, кроме дат д-р пед. наук, рус. язык
Даты 1965-
Расширение инициалов личного имени Марина Ивановна
Системный номер авторитетной/нормативной записи 9958
Идентификатор авторитетной/нормативной записи RU\NLR\AUTH\7726920
801 #0 - ИСТОЧНИК ЗАПИСИ
Страна Российская Федерация
Организация NLR
Дата составления 20130529
Правила каталогизации RCR
801 #1 - ИСТОЧНИК ЗАПИСИ
Страна Российская Федерация
Организация NLR
Дата составления 20130529
830 ## - ОБЩЕЕ ПРИМЕЧАНИЕ, СОСТАВЛЕННОЕ КАТАЛОГИЗАТОРОМ
Текст примечания авт. по кн.
942 ## - ДОПОЛНИТЕЛЬНЫЕ ЭЛЕМЕНТЫ ЗАПИСИ (АБИС)
Тип экземпляра АБИС Книга
980 ## - КОЛЛЕКЦИЯ
Название коллекции НБР

Нет доступных экземпляров.